[Event "Oruro Baptista Memorial"]
[Site "Oruro"]
[Date "2023.11.04"]
[Round "7"]
[White "Arias, Pablo"]
[Black "Beltran Salvador, Milka"]
[Result "1-0"]
[WhiteElo "2033"]
[BlackElo "1624"]
[PlyCount "117"]
[EventDate "2023.11.01"]
[EventType "swiss"]
[EventRounds "9"]
[EventCountry "BOL"]
[SourceTitle "Mega2024 Update 01"]
[Source "Chessbase"]
[SourceDate "2023.11.12"]
[SourceVersion "1"]
[SourceVersionDate "2023.11.12"]
[SourceQuality "1"]

1. e4 c5 2. Nf3 Nc6 3. d4 cxd4 4. Nxd4 e6 5. a3 Nf6 6. Nc3 Qc7 7. Be2 a6 8. 0-0 Nxd4 9. Qxd4 Bc5 10. Qd3 b5 11. Bf3 Rb8 12. Ne2 Bd6 13. g3 Bb7 14. Be3 Be5 15. Bd4 d5 16. exd5 Bxd5 17. a4 Bxf3 18. Qxf3 0-0 19. axb5 Rxb5 20. Rxa6 Bxd4 21. Nxd4 Rxb2 22. Qa3 Rfb8 23. Nc6 h6 24. Nxb8 Rxb8 25. Ra8 Rxa8 26. Qxa8+ Kh7 27. Qa4 Qc3 28. Qb3 Qc5 29. Qd3+ g6 30. Qf3 Kg7 31. Rc1 h5 32. Qe3 Qc4 33. c3 Nd5 34. Qe5+ Kh7 35. Kg2 Qc6 36. Kg1 Qc4 37. Qd4 Qxd4 38. cxd4 Kg7 39. f4 f5 40. Kf2 Kf6 41. Kf3 Nb4 42. h3 Nd5 43. Ra1 Nb4 44. Ra7 Nc6 45. Rd7 Nb4 46. Ke2 Nd5 47. Rxd5 exd5 48. Kd2 Ke6 49. Kc3 Kd7 50. Kb4 Kd6 51. Kb5 g5 52. h4 gxf4 53. gxf4 Kd7 54. Kc5 Ke6 55. Kc6 Ke7 56. Kxd5 Kf6 57. Kd6 Kf7 58. Ke5 Kg7 59. Kxf5 1-0

[Event "Pan American-ch U16 Girls"]
[Site "Montevideo"]
[Date "2022.06.27"]
[Round "3"]
[White "Beltran Salvador, Milka"]
[Black "Mukul Aldana, Daniela Maria"]
[Result "1-0"]
[WhiteElo "1694"]
[BlackElo "1688"]
[PlyCount "35"]
[EventDate "2022.06.26"]
[EventType "swiss"]
[EventRounds "9"]
[EventCountry "URU"]
[SourceTitle "EXT 2023"]
[Source "ChessBase"]
[SourceDate "2022.10.05"]
[SourceVersion "1"]
[SourceVersionDate "2022.10.05"]
[SourceQuality "1"]

1. d4 d5 2. c4 dxc4 3. Nc3 Nf6 4. e4 e6 5. Bxc4 Be7 6. Nge2 0-0 7. 0-0 c6 8. a4 a5 9. Ng3 Nbd7 10. e5 Nd5 11. Qg4 Re8 12. Bh6 Bf8 13. Bxg7 Bxg7 14. Nh5 Kf8 15. Qxg7+ Ke7 16. Nxd5+ exd5 17. Qg5+ Kf8 18. Qh6+ 1-0

[Event "Pan American-ch U16 Girls"]
[Site "Montevideo"]
[Date "2022.06.27"]
[Round "2"]
[White "Mayeregger Gonzalez, Renata Valentina"]
[Black "Beltran Salvador, Milka"]
[Result "1-0"]
[WhiteElo "1461"]
[BlackElo "1694"]
[PlyCount "67"]
[EventDate "2022.06.26"]
[EventType "swiss"]
[EventRounds "9"]
[EventCountry "URU"]
[SourceTitle "EXT 2023"]
[Source "ChessBase"]
[SourceDate "2022.10.05"]
[SourceVersion "1"]
[SourceVersionDate "2022.10.05"]
[SourceQuality "1"]

1. e4 c5 2. Nc3 Nc6 3. g3 Nf6 4. Bg2 e6 5. Nge2 Be7 6. 0-0 0-0 7. d3 d5 8. exd5 exd5 9. d4 cxd4 10. Nxd4 Be6 11. Nxe6 fxe6 12. Bh3 Qd6 13. Re1 e5 14. Bg2 Rad8 15. Bg5 d4 16. Bxf6 Bxf6 17. Ne4 Qc7 18. Nxf6+ Rxf6 19. Qe2 Rdf8 20. Qc4+ Kh8 21. Re2 Qb6 22. Bxc6 Qxb2 23. Rae1 bxc6 24. Rxe5 Rxf2 25. Re8 Qb6 26. Qd3 c5 27. Qe2 R2f6 28. Qe7 Kg8 29. Qd7 Qd6 30. Rxf8+ Qxf8 31. Re8 Rf1+ 32. Kg2 Rf2+ 33. Kh3 Rf7 34. Rxf8+ 1-0

[Event "South America-ch U16 Girls 17th"]
[Site "Guayaquil"]
[Date "2022.01.29"]
[Round "7"]
[White "Beltran Salvador, Milka"]
[Black "Tacas Cardenas, Andrea Ximena"]
[Result "0-1"]
[WhiteElo "1748"]
[BlackElo "1505"]
[PlyCount "112"]
[EventDate "2022.01.25"]
[EventType "swiss"]
[EventRounds "9"]
[EventCountry "ECU"]
[SourceTitle "CBM 206 Extra"]
[Source "ChessBase"]
[SourceDate "2022.03.31"]
[SourceVersion "1"]
[SourceVersionDate "2022.03.31"]
[SourceQuality "1"]

1. d4 d5 2. c4 c6 3. Nc3 Nf6 4. e3 e6 5. Nf3 Nbd7 6. Bd3 Bd6 7. 0-0 0-0 8. e4 dxe4 9. Nxe4 Nxe4 10. Bxe4 Nf6 11. Bc2 b6 12. Bg5 Re8 13. Re1 Be7 14. Ne5 Bb7 15. Re3 g6 16. Rh3 c5 17. Ba4 Qxd4 18. Qxd4 cxd4 19. Bxe8 Rxe8 20. Rd1 h6 21. Bxf6 Bxf6 22. f4 Be7 23. Rhd3 Rd8 24. Nf3 Be4 25. R3d2 d3 26. Re1 Bxf3 27. gxf3 Bb4 28. Red1 Bxd2 29. Rxd2 Rd4 30. b3 Kf8 31. Kf2 Rxf4 32. Rxd3 Ke7 33. Rc3 Kd6 34. Rd3+ Kc7 35. Rc3 Kc6 36. Rd3 Kc7 37. Kg3 g5 38. Rc3 h5 39. c5 h4+ 40. Kg2 Kc6 41. cxb6+ Kxb6 42. Rc8 Rd4 43. Rf8 Rf4 44. Rg8 f6 45. Re8 e5 46. Re6+ Kb5 47. Re7 a5 48. Rb7+ Kc5 49. Ra7 Kb4 50. Ra6 Kb5 51. Ra8 a4 52. bxa4+ Rxa4 53. Rxa4 Kxa4 54. Kh3 f5 55. Kg2 Ka3 56. f4 exf4 0-1

[Event "South America-ch U16 Girls 17th"]
[Site "Guayaquil"]
[Date "2022.01.29"]
[Round "8"]
[White "Juarez Vera, Cielito De Los Mila"]
[Black "Beltran Salvador, Milka"]
[Result "0-1"]
[WhiteElo "1170"]
[BlackElo "1748"]
[PlyCount "108"]
[EventDate "2022.01.25"]
[EventType "swiss"]
[EventRounds "9"]
[EventCountry "ECU"]
[SourceTitle "CBM 206 Extra"]
[Source "ChessBase"]
[SourceDate "2022.03.31"]
[SourceVersion "1"]
[SourceVersionDate "2022.03.31"]
[SourceQuality "1"]

1. d4 d5 2. e3 Bf5 3. c4 c6 4. c5 e6 5. a3 Nd7 6. b4 Ngf6 7. h3 Ne4 8. Bb2 Qh4 9. Qf3 Bg4 10. hxg4 Qxh1 11. Nh3 h6 12. Nc3 Qh2 13. Nxe4 dxe4 14. Qxe4 Qc7 15. Be2 Nf6 16. Qf4 Qxf4 17. Nxf4 Nd5 18. Nh3 Nf6 19. Nf4 Be7 20. 0-0-0 Nd5 21. Nh3 Rg8 22. Bd3 g6 23. e4 Nc7 24. f3 a5 25. Nf2 axb4 26. axb4 Bg5+ 27. Kb1 Ke7 28. g3 Be3 29. Nh3 Ra4 30. Bc2 Rxb4 31. Rd3 Bg5 32. f4 Bf6 33. e5 Bg7 34. Nf2 Ra8 35. Rd1 Nd5 36. Rd3 Rb5 37. Rb3 Rxb3 38. Bxb3 Ne3 39. Bc1 Nd5 40. Ne4 f5 41. gxf5 gxf5 42. Nd6 Nc3+ 43. Kc2 Ne2 44. Be3 Nxg3 45. Nxb7 h5 46. Bd2 h4 47. Na5 Rxa5 48. Bxa5 h3 49. Ba4 Kd7 50. Bd8 Kxd8 51. Bxc6 Ne4 52. d5 exd5 53. Bxd5 h2 54. c6 h1Q 0-1

[Event "South America-ch U16 Girls 17th"]
[Site "Guayaquil"]
[Date "2022.01.26"]
[Round "3"]
[White "Beltran Salvador, Milka"]
[Black "Guerrero Caicedo, Arlette Sabina"]
[Result "1-0"]
[WhiteElo "1748"]
[BlackElo "1487"]
[PlyCount "119"]
[EventDate "2022.01.25"]
[EventType "swiss"]
[EventRounds "9"]
[EventCountry "ECU"]
[SourceTitle "CBM 206 Extra"]
[Source "ChessBase"]
[SourceDate "2022.03.31"]
[SourceVersion "1"]
[SourceVersionDate "2022.03.31"]
[SourceQuality "1"]

1. d4 Nf6 2. c4 g6 3. Nc3 d5 4. cxd5 Nxd5 5. e4 Nxc3 6. bxc3 Bg7 7. Bb2 0-0 8. Nf3 c5 9. Be2 Nc6 10. 0-0 cxd4 11. cxd4 Bg4 12. Rb1 Bxf3 13. Bxf3 Nxd4 14. Bxd4 Bxd4 15. Rxb7 e5 16. Qb3 Rb8 17. Bg4 Rxb7 18. Qxb7 Qb6 19. Qd5 Rb8 20. Be2 Qc5 21. Bc4 Qxd5 22. exd5 Kf8 23. Bb3 Rc8 24. g3 Ke7 25. Kg2 f5 26. Rd1 Kd6 27. f4 Bb2 28. fxe5+ Bxe5 29. Re1 Rc3 30. Re2 Rc5 31. Kf2 Rc7 32. Ke1 g5 33. Kd2 f4 34. gxf4 gxf4 35. Rg2 f3 36. Rg8 Bxh2 37. Rf8 Be5 38. Rxf3 a5 39. Rd3 Rc5 40. a4 Rc7 41. Rh3 Rg7 42. Rh6+ Kc5 43. Rc6+ Kb4 44. Rb6+ Kc5 45. Rb5+ Kd6 46. Rxa5 h5 47. Ra6+ Kd7 48. Ra7+ Bc7 49. Bc2 Kd6 50. Be4 Kc5 51. Ke2 Kb6 52. Ra8 Bd6 53. a5+ Kb7 54. Rd8 Kc7 55. Rh8 Bb4 56. Ra8 Kd6 57. a6 Bc5 58. Rh8 Rg5 59. Rh6+ Kc7 60. Rc6+ 1-0

[Event "Pan American-ch Hybrid U16 Girls 31st"]
[Site "Tornelo INT"]
[Date "2021.09.04"]
[Round "9"]
[White "Beltran Salvador, Milka"]
[Black "Vega Paucar, Emely Bachellet"]
[Result "1/2-1/2"]
[WhiteElo "1602"]
[BlackElo "1861"]
[PlyCount "109"]
[EventDate "2021.09.04"]
[EventType "swiss"]
[EventRounds "9"]
[EventCountry "NET"]
[SourceTitle "EXT 2023"]
[Source "ChessBase"]
[SourceDate "2022.10.05"]
[SourceVersion "1"]
[SourceVersionDate "2022.10.05"]
[SourceQuality "1"]

1. d4 Nf6 2. c4 g6 3. Nc3 d6 4. e4 Bg7 5. h3 0-0 6. Bg5 c5 7. d5 e6 8. Bd3 exd5 9. exd5 Nbd7 10. Nf3 Re8+ 11. Be3 Nh5 12. 0-0 f5 13. Qd2 Ne5 14. Nxe5 Bxe5 15. Bg5 Bf6 16. Bxf6 Nxf6 17. Rfe1 Bd7 18. Rxe8+ Qxe8 19. Re1 Qf8 20. Qg5 Kg7 21. Qd2 Nh5 22. Be2 Nf6 23. Bd3 Re8 24. Rxe8 Qxe8 25. Qe3 Qe5 26. Qxe5 dxe5 27. f3 Kf7 28. Kf2 Ke7 29. g3 Kd6 30. b3 a6 31. Ke3 Nh5 32. Kf2 Ke7 33. Kg2 Kf6 34. Kf2 Ng7 35. Kg2 Ne8 36. Kf2 Nd6 37. Ke2 h5 38. a4 b6 39. Kf2 g5 40. Kg2 a5 41. Kf2 e4 42. fxe4 fxe4 43. Nxe4+ Nxe4+ 44. Bxe4 Bxh3 45. Ke3 Ke5 46. Bg6 Bg4 47. Be8 h4 48. gxh4 gxh4 49. Kf2 Bd1 50. Kg2 Bg4 51. Kh2 Bf5 52. Bc6 Bg4 53. Be8 Bf5 54. Bc6 Bg4 55. Be8 1/2-1/2

[Event "Pan American-ch Hybrid U16 Girls 31st"]
[Site "Tornelo INT"]
[Date "2021.09.04"]
[Round "8"]
[White "Eswaran, Aksithi"]
[Black "Beltran Salvador, Milka"]
[Result "0-1"]
[WhiteElo "1803"]
[BlackElo "1602"]
[PlyCount "80"]
[EventDate "2021.09.04"]
[EventType "swiss"]
[EventRounds "9"]
[EventCountry "NET"]
[SourceTitle "EXT 2023"]
[Source "ChessBase"]
[SourceDate "2022.10.05"]
[SourceVersion "1"]
[SourceVersionDate "2022.10.05"]
[SourceQuality "1"]

1. e4 c5 2. Nf3 Nc6 3. d4 cxd4 4. Nxd4 e6 5. Nc3 Qc7 6. Be3 a6 7. a3 Nf6 8. Be2 Be7 9. g4 h6 10. f4 d5 11. e5 Ne4 12. Nxe4 dxe4 13. Nxc6 bxc6 14. Qd4 c5 15. Qc3 Bb7 16. 0-0-0 Bd5 17. f5 Bg5 18. Bxg5 hxg5 19. Qg3 Rb8 20. c4 Qb6 21. b3 e3 22. Qxe3 Bxh1 23. Rxh1 Qxb3 24. Qxb3 Rxb3 25. Kc2 Rxa3 26. fxe6 fxe6 27. Bd3 Rh3 28. Bg6+ Ke7 29. Rf1 Rxh2+ 30. Kb1 Rg3 31. Bh5 a5 32. Rf7+ Kd8 33. Rf8+ Kc7 34. Rf7+ Kb6 35. Rf1 a4 36. Ka1 a3 37. Rd1 Rgg2 38. Rb1+ Kc7 39. Rb5 a2 40. Rxc5+ Kd8 0-1

[Event "Pan American-ch Hybrid U16 Girls 31st"]
[Site "Tornelo INT"]
[Date "2021.09.04"]
[Round "3"]
[White "Perez, Damaris Nicole"]
[Black "Beltran Salvador, Milka"]
[Result "0-1"]
[WhiteElo "1736"]
[BlackElo "1602"]
[PlyCount "110"]
[EventDate "2021.09.04"]
[EventType "swiss"]
[EventRounds "9"]
[EventCountry "NET"]
[SourceTitle "EXT 2023"]
[Source "ChessBase"]
[SourceDate "2022.10.05"]
[SourceVersion "1"]
[SourceVersionDate "2022.10.05"]
[SourceQuality "1"]

1. d4 d5 2. Nf3 Nf6 3. Bf4 c5 4. e3 Qb6 5. b3 Nc6 6. Be2 Bf5 7. c3 e6 8. 0-0 Be7 9. Nh4 Be4 10. Nd2 h6 11. Nhf3 Bh7 12. h3 cxd4 13. Nxd4 Nxd4 14. exd4 Ba3 15. b4 Bb2 16. Qa4+ Nd7 17. Rad1 Bxc3 18. a3 Bxd4 19. Nb3 Bc2 20. Rc1 Bxb3 21. Qxb3 Be5 22. Bxe5 Nxe5 23. Qg3 Ng6 24. Bh5 0-0 25. Bxg6 fxg6 26. Qxg6 Rf6 27. Qg3 Rf5 28. Qc7 Rf7 29. Qxb6 axb6 30. Rc3 Re7 31. Rd1 Rd8 32. Re3 Kf7 33. Rf3+ Ke8 34. Rfd3 Rc8 35. Re3 Rc4 36. Rdd3 Rc1+ 37. Kh2 Rc2 38. Kg3 Rc6 39. Kf4 Rc4+ 40. Kf3 Kd7 41. g4 Kd6 42. Kg3 e5 43. Re1 d4 44. Red1 Kd5 45. f3 Rec7 46. Kf2 Rc3 47. Ke2 Rxd3 48. Rxd3 Rc2+ 49. Ke1 Rh2 50. Kf1 Kc4 51. Rd1 d3 52. Kg1 Rc2 53. Kf1 Kc3 54. h4 Rh2 55. h5 Rh1+ 0-1

[Event "Pan American-ch Hybrid U16 Girls 31st"]
[Site "Tornelo INT"]
[Date "2021.09.04"]
[Round "1"]
[White "Ramos Pizarro, Camila"]
[Black "Beltran Salvador, Milka"]
[Result "0-1"]
[WhiteElo "1183"]
[BlackElo "1602"]
[PlyCount "40"]
[EventDate "2021.09.04"]
[EventType "swiss"]
[EventRounds "9"]
[EventCountry "NET"]
[SourceTitle "EXT 2023"]
[Source "ChessBase"]
[SourceDate "2022.10.05"]
[SourceVersion "1"]
[SourceVersionDate "2022.10.05"]
[SourceQuality "1"]

1. d4 d5 2. Nf3 c6 3. h3 Nf6 4. b3 Bf5 5. Bb2 e6 6. a3 Nbd7 7. Nbd2 Bd6 8. c4 0-0 9. e3 c5 10. Ne5 Bxe5 11. dxe5 Ne4 12. Nxe4 Bxe4 13. f3 Qh4+ 14. Ke2 Bg6 15. cxd5 exd5 16. Qxd5 Rfd8 17. e6 Nf6 18. exf7+ Bxf7 19. Bxf6 Qxf6 20. Qxb7 Qb2+ 0-1

[Event "Online Olym Div2 E"]
[Site "Chess.com INT"]
[Date "2021.09.02"]
[Round "3.3"]
[White "Obregon Garcia, Roxangel"]
[Black "Beltran Salvador, Milka"]
[Result "1-0"]
[WhiteElo "2167"]
[BlackElo "1602"]
[PlyCount "119"]
[EventDate "2021.09.02"]
[EventType "team (rapid)"]
[EventRounds "9"]
[EventCountry "USA"]
[SourceTitle "CBM 204 Extra"]
[Source "ChessBase"]
[SourceDate "2021.11.30"]
[SourceVersion "1"]
[SourceVersionDate "2021.11.30"]
[SourceQuality "1"]
[WhiteTeam "Cuba"]
[BlackTeam "Bolivia"]
[WhiteTeamCountry "CUB"]
[BlackTeamCountry "BOL"]

1. e4 c5 2. Nf3 Nc6 3. d4 cxd4 4. Nxd4 e6 5. Nc3 Qc7 6. Be3 a6 7. a3 Nf6 8. Be2 Be7 9. g4 h6 10. f4 d6 11. h4 e5 12. Nf5 Bxf5 13. gxf5 0-0-0 14. Qd3 exf4 15. Bxf4 Ne5 16. Qd4 Kb8 17. 0-0-0 Rc8 18. Kb1 Rhd8 19. Rhg1 Ne8 20. Be3 Nc6 21. Qd2 Qa5 22. h5 Bf6 23. Nd5 Qxd2 24. Rxd2 Be5 25. Nb6 Rc7 26. Rgd1 Nf6 27. Bf3 Na7 28. c4 Nc8 29. b3 Rc6 30. Na4 b5 31. Nb2 Nd7 32. Be2 b4 33. axb4 Bc3 34. Rc2 Bxb4 35. Nd3 Bc5 36. Bf4 Ka7 37. Bf3 Rb6 38. Ka2 Bd4 39. Nb4 Rxb4 40. Rxd4 Nc5 41. Rb2 Rd7 42. Bd2 Rb8 43. b4 Na4 44. Rc2 Ne7 45. c5 Nc6 46. Rxd6 Rxd6 47. cxd6 Nxb4+ 48. Bxb4 Rxb4 49. e5 Rf4 50. Bd5 f6 51. e6 Nb6 52. e7 Nxd5 53. e8Q Nb4+ 54. Kb3 Nxc2 55. Kxc2 Rf2+ 56. Kd3 Rxf5 57. d7 Rd5+ 58. Kc4 Rd6 59. d8Q Rxd8 60. Qxd8 1-0

[Event "Online Olym Div3 D"]
[Site "Chess.com INT"]
[Date "2021.08.29"]
[Round "9.3"]
[White "Caroline, Trapence"]
[Black "Beltran Salvador, Milka"]
[Result "0-1"]
[WhiteElo "1368"]
[BlackElo "1602"]
[PlyCount "44"]
[EventDate "2021.08.27"]
[EventType "team-tourn (rapid)"]
[EventRounds "9"]
[EventCountry "USA"]
[SourceTitle "CBM 204 Extra"]
[Source "ChessBase"]
[SourceDate "2021.11.30"]
[SourceVersion "1"]
[SourceVersionDate "2021.11.30"]
[SourceQuality "1"]
[WhiteTeam "Malawi"]
[BlackTeam "Bolivia"]
[WhiteTeamCountry "MWI"]
[BlackTeamCountry "BOL"]

1. d4 d5 2. Nf3 c6 3. g3 Nf6 4. Bg2 Bf5 5. 0-0 Nbd7 6. b3 e6 7. c4 Be7 8. Nc3 Nb6 9. c5 Nbd7 10. Re1 0-0 11. Bg5 b6 12. b4 bxc5 13. bxc5 h6 14. Bxf6 Bxf6 15. e4 dxe4 16. Nxe4 Bxe4 17. Rxe4 Rb8 18. Qa4 Nxc5 19. dxc5 Bxa1 20. Qxa7 Rb1+ 21. Bf1 Qd3 22. Re3 Qxf1# 0-1

[Event "Pan American-ch U14 Girls"]
[Site "Guayaquil"]
[Date "2019.07.27"]
[Round "9"]
[White "Nguyen, Anh Nhu"]
[Black "Beltran Salvador, Milka"]
[Result "1-0"]
[WhiteElo "1637"]
[BlackElo "1596"]
[PlyCount "53"]
[EventDate "2019.07.21"]
[EventType "swiss"]
[EventRounds "9"]
[EventCountry "ECU"]
[SourceTitle "EXT 2020"]
[Source "ChessBase"]
[SourceDate "2019.10.17"]
[SourceVersion "1"]
[SourceVersionDate "2019.10.17"]
[SourceQuality "1"]

1. e4 e6 2. d4 d5 3. Nc3 Nf6 4. e5 Nfd7 5. f4 a6 6. Be3 c5 7. Nf3 Nc6 8. Qd2 b5 9. Nd1 Qb6 10. Be2 Bb7 11. c3 h6 12. 0-0 Be7 13. Nf2 g6 14. Rac1 0-0-0 15. dxc5 Bxc5 16. Nd4 Bxd4 17. cxd4 Kb8 18. a4 Na5 19. Qb4 Nc4 20. Bxc4 dxc4 21. axb5 axb5 22. Nd1 Bd5 23. Nc3 Bc6 24. Ra1 Kb7 25. Rfe1 g5 26. d5 Qc7 27. dxc6+ 1-0

[Event "Pan American-ch U14 Girls"]
[Site "Guayaquil"]
[Date "2019.07.26"]
[Round "8"]
[White "Beltran Salvador, Milka"]
[Black "Miranda Vargas, Analia Karen"]
[Result "1-0"]
[WhiteElo "1596"]
[BlackElo "1500"]
[PlyCount "35"]
[EventDate "2019.07.21"]
[EventType "swiss"]
[EventRounds "9"]
[EventCountry "ECU"]
[SourceTitle "EXT 2020"]
[Source "ChessBase"]
[SourceDate "2019.10.17"]
[SourceVersion "1"]
[SourceVersionDate "2019.10.17"]
[SourceQuality "1"]

1. f4 e5 2. fxe5 d6 3. Nf3 dxe5 4. e4 Bg4 5. Bc4 Bxf3 6. Qxf3 Nf6 7. d3 Bc5 8. c3 c6 9. Qg3 Qe7 10. b4 Bb6 11. Ba3 0-0 12. Qf3 Qd7 13. h3 Rd8 14. Bc1 h6 15. Bxh6 Nxe4 16. Qxe4 Kh8 17. Rf1 Qd6 18. Bxg7+ 1-0

[Event "Pan American-ch U14 Girls"]
[Site "Guayaquil"]
[Date "2019.07.24"]
[Round "5"]
[White "Barahona, Dalila Yamileth"]
[Black "Beltran Salvador, Milka"]
[Result "0-1"]
[WhiteElo "1529"]
[BlackElo "1596"]
[PlyCount "44"]
[EventDate "2019.07.21"]
[EventType "swiss"]
[EventRounds "9"]
[EventCountry "ECU"]
[SourceTitle "EXT 2020"]
[Source "ChessBase"]
[SourceDate "2019.10.17"]
[SourceVersion "1"]
[SourceVersionDate "2019.10.17"]
[SourceQuality "1"]

1. c4 e6 2. Nc3 d5 3. cxd5 exd5 4. d4 Nf6 5. Bg5 Be7 6. e3 Be6 7. Bd3 Nbd7 8. Nge2 h6 9. Bh4 c6 10. f3 Nb6 11. b3 Rc8 12. 0-0 0-0 13. Nf4 Bd7 14. Bf2 Re8 15. Qc2 c5 16. dxc5 Bxc5 17. Qd2 Bb4 18. Rac1 d4 19. exd4 Nbd5 20. Nfxd5 Nxd5 21. Bc4 Nxc3 22. Qf4 Rxc4 0-1

[Event "Pan American-ch U14 Girls"]
[Site "Guayaquil"]
[Date "2019.07.22"]
[Round "3"]
[White "Villagomez Muenala, Saya Emily"]
[Black "Beltran Salvador, Milka"]
[Result "0-1"]
[WhiteElo "1205"]
[BlackElo "1596"]
[PlyCount "120"]
[EventDate "2019.07.21"]
[EventType "swiss"]
[EventRounds "9"]
[EventCountry "ECU"]
[SourceTitle "EXT 2020"]
[Source "ChessBase"]
[SourceDate "2019.10.17"]
[SourceVersion "1"]
[SourceVersionDate "2019.10.17"]
[SourceQuality "1"]

1. e4 e6 2. d4 d5 3. Nc3 Nf6 4. Bd3 a6 5. Bg5 Be7 6. Nf3 Nfd7 7. Bxe7 Qxe7 8. 0-0 dxe4 9. Bxe4 0-0 10. Qd2 h6 11. Rfe1 Nf6 12. Rad1 Nxe4 13. Rxe4 b6 14. Re3 Rd8 15. Qe2 Qb4 16. Rb1 Bb7 17. a3 Qf8 18. Rd1 Nd7 19. d5 exd5 20. Nxd5 Bxd5 21. Rxd5 Nf6 22. Rxd8 Qxd8 23. h3 a5 24. a4 Qd7 25. b3 Re8 26. Rxe8+ Nxe8 27. Qc4 Nd6 28. Qd3 Qe6 29. Kf1 Qf6 30. Ke2 Nf5 31. Qd7 Qe6+ 32. Qxe6 fxe6 33. Kd3 Kf7 34. Ke4 Ke7 35. Ke5 Nd6 36. Nd4 Nf7+ 37. Ke4 Kd6 38. f4 c6 39. h4 g6 40. g3 h5 41. c3 Nh6 42. Ke3 Kd5 43. c4+ Kd6 44. Ke4 Ng4 45. Nf3 Nf2+ 46. Kd4 Nh1 47. Ne5 Nxg3 48. Nxg6 Ne2+ 49. Ke3 Nc1 50. Ke4 Nxb3 51. f5 Nc5+ 52. Kf4 exf5 53. Kxf5 Nxa4 54. Nf4 Nc5 55. Ne2 b5 56. cxb5 cxb5 57. Kg5 b4 58. Kxh5 b3 59. Kg6 Ne4 60. h5 b2 0-1

[Event "Pan American-ch U14 Girls"]
[Site "Guayaquil"]
[Date "2019.07.21"]
[Round "1"]
[White "Negron Martinez, Daianne L"]
[Black "Beltran Salvador, Milka"]
[Result "0-1"]
[WhiteElo "1176"]
[BlackElo "1596"]
[PlyCount "84"]
[EventDate "2019.07.21"]
[EventType "swiss"]
[EventRounds "9"]
[EventCountry "ECU"]
[SourceTitle "EXT 2020"]
[Source "ChessBase"]
[SourceDate "2019.10.17"]
[SourceVersion "1"]
[SourceVersionDate "2019.10.17"]
[SourceQuality "1"]

1. d4 d5 2. c4 e6 3. Nc3 Nf6 4. Nf3 c6 5. Bg5 Nbd7 6. e3 Qa5 7. a3 Ne4 8. Qc2 Bb4 9. Rc1 Bxc3+ 10. bxc3 Qxa3 11. Bd3 Nxg5 12. Nxg5 h6 13. Nf3 Qe7 14. 0-0 Nf6 15. Ne5 Bd7 16. Rb1 dxc4 17. Bxc4 b5 18. Bd3 0-0 19. Rb2 a5 20. Rfb1 Rfb8 21. h3 Be8 22. Kh1 a4 23. Ra2 Nd5 24. e4 Nf4 25. Bf1 c5 26. dxc5 Qxc5 27. Nd3 Nxd3 28. Bxd3 e5 29. Kg1 Bd7 30. Rb4 Be6 31. Ra3 Rb6 32. Rb2 Qxa3 33. c4 bxc4 34. Rxb6 Qxd3 35. Qxd3 cxd3 36. Kf1 a3 37. Rb1 a2 38. Ra1 Rb8 39. Ke1 Rb1+ 40. Rxb1 axb1Q+ 41. Kd2 Qc2+ 42. Ke3 Qe2# 0-1

[Event "Wch U12 Girls"]
[Site "Pocos de Caldas"]
[Date "2017.08.28"]
[Round "8"]
[White "Liu, Yuxuan"]
[Black "Beltran Salvador, Milka"]
[Result "1/2-1/2"]
[WhiteElo "1213"]
[BlackElo "1361"]
[PlyCount "75"]
[EventDate "2017.08.22"]
[EventType "swiss"]
[EventRounds "11"]
[EventCountry "BRA"]
[SourceTitle "CBM 180 Extra"]
[Source "ChessBase"]
[SourceDate "2017.10.06"]
[SourceVersion "1"]
[SourceVersionDate "2017.10.06"]
[SourceQuality "1"]

1. e4 e5 2. Nf3 Nc6 3. Bc4 Bc5 4. d3 h6 5. c3 d6 6. Bb3 Nf6 7. Nbd2 0-0 8. 0-0 Bg4 9. h3 Bh5 10. Re1 Nh7 11. Qe2 Ng5 12. Bd1 Qf6 13. Qf1 Bxf3 14. Nxf3 Nxf3+ 15. Bxf3 a5 16. Be3 Bxe3 17. fxe3 Rad8 18. d4 exd4 19. exd4 Qg5 20. Qe2 f5 21. Qc4+ Kh8 22. exf5 Rxf5 23. Bxc6 bxc6 24. Qxc6 Rdf8 25. Re8 Qd2 26. Rxf8+ Rxf8 27. Rb1 Qc2 28. Rf1 Rxf1+ 29. Kxf1 Qc1+ 30. Kf2 Qxb2+ 31. Kf3 Qxa2 32. Qxc7 a4 33. Qxd6 a3 34. Qf8+ Kh7 35. Qf5+ g6 36. Qd7+ Kg8 37. Qe8+ Kg7 38. Qe5+ 1/2-1/2

[Event "South America-ch U10 Girls 12th"]
[Site "Santa Cruz"]
[Date "2015.12.03"]
[Round "3"]
[White "Beltran Salvador, Milka"]
[Black "Kikuchi Cadilhac, Mariana Sawae"]
[Result "0-1"]
[WhiteElo "1415"]
[BlackElo "1545"]
[PlyCount "108"]
[EventDate "2015.12.02"]
[EventType "swiss"]
[EventRounds "9"]
[EventCountry "BOL"]
[SourceTitle "CBM 170 Extra"]
[Source "ChessBase"]
[SourceDate "2016.02.25"]
[SourceVersion "1"]
[SourceVersionDate "2016.02.25"]
[SourceQuality "1"]

1. e4 e5 2. Nf3 Nc6 3. Bc4 Nf6 4. Nc3 Bc5 5. 0-0 0-0 6. d3 h6 7. Be3 Bb6 8. Qe2 Re8 9. h3 d6 10. Nh2 Ne7 11. Bxb6 axb6 12. Bb3 Ng6 13. Nd5 Be6 14. Nxf6+ Qxf6 15. Bxe6 fxe6 16. a3 d5 17. Qe3 Qf4 18. Qxf4 exf4 19. Rfe1 d4 20. g3 e5 21. c3 Rad8 22. Rac1 c5 23. b4 Ra8 24. cxd4 cxd4 25. Rc7 Rxa3 26. Rxb7 Rxd3 27. Rxb6 fxg3 28. Rxg6 gxh2+ 29. Kxh2 Rb3 30. Reg1 Re7 31. Rb6 Rb2 32. Rg2 d3 33. Rd6 Rxb4 34. Rxd3 Rxe4 35. f3 Rd4 36. Rxd4 exd4 37. Rd2 Rd7 38. Kg2 Kf7 39. Kf2 Kf6 40. f4 Kf5 41. Kf3 d3 42. h4 h5 43. Ke3 Re7+ 44. Kxd3 Rd7+ 45. Ke3 Rxd2 46. Kxd2 Kxf4 47. Ke2 Kg4 48. Kf2 Kxh4 49. Kg2 g5 50. Kh2 g4 51. Kg2 Kg5 52. Kh2 h4 53. Kg2 Kf4 54. Kh2 g3+ 0-1